Resoluciones y decisiones que se refieren específicamente a la mujer
Zapisane w:
| Korporacja: | |
|---|---|
| Format: | Texto |
| Wydane: |
New York, N.Y.:
Centro Tribuna Internacional Mujer
|
| Hasła przedmiotowe: | |
| Etykiety: |
Dodaj etykietę
Nie ma etykietki, Dołącz pierwszą etykiete!
|
MARC
| LEADER | 00000 a a2200000 04500 | ||
|---|---|---|---|
| 001 | 14675 | ||
| 003 | |||
| 040 | |||
| 090 | |a 021800 | ||
| 110 | |a Naciones Unidas. Asamblea General, 37° Período de Sesiones, 1982 | ||
| 245 | |a Resoluciones y decisiones que se refieren específicamente a la mujer | ||
| 260 | |a New York, N.Y.: |b Centro Tribuna Internacional Mujer | ||
| 300 | |a 49 p. | ||
| 650 | |a MUJERES | ||
| 999 | |c 7836 |d 7836 | ||
